Sociology : (Record no. 27120)
[ view plain ]
| 000 -LEADER | |
|---|---|
| fixed length control field | 01059cam a22003255i 4500 |
| 001 - CONTROL NUMBER | |
| control field | 007358033 |
| 003 - CONTROL NUMBER IDENTIFIER | |
| control field | OSt |
| 005 - DATE AND TIME OF LATEST TRANSACTION | |
| control field | 20201128024404.0 |
| 008 - FIXED-LENGTH DATA ELEMENTS--GENERAL INFORMATION | |
| fixed length control field | 970415s2001 mauab frd 001 ||eng d |
| 015 ## - | |
| -- | GB9730182 |
| -- | bnb |
| 020 ## - INTERNATIONAL STANDARD BOOK NUMBER | |
| International Standard Book Number | 0205294634 |
| 020 ## - INTERNATIONAL STANDARD BOOK NUMBER | |
| International Standard Book Number | 9780205294633 |
| 040 ## - CATALOGING SOURCE | |
| Original cataloging agency | DLC |
| Transcribing agency | DLC |
| Modifying agency | Uk |
| Language of cataloging | eng |
| Modifying agency | EG-ScBUE |
| 082 04 - DEWEY DECIMAL CLASSIFICATION NUMBER | |
| Classification number | 301 |
| Edition number | 22 |
| Item number | BRY |
| 100 1# - MAIN ENTRY--PERSONAL NAME | |
| Personal name | Bryjak, George J. |
| 245 10 - TITLE STATEMENT | |
| Title | Sociology : |
| Remainder of title | cultural diversity in a changing world / |
| Statement of responsibility, etc | George J. Bryjak, Michael P. Soroka. |
| 250 ## - EDITION STATEMENT | |
| Edition statement | 4th ed. |
| 264 #1 - PUBLICATION, DISTRIBUTION, ETC. (IMPRINT) | |
| Place of publication, distribution, etc | Needham Heights, Massachusetts : |
| Name of publisher, distributor, etc | Allyn and Bacon / A Pearson Education Company, |
| Date of publication, distribution, etc | c.2001. |
| 300 ## - PHYSICAL DESCRIPTION | |
| Extent | xv, 400 pages : |
| Other physical details | col. illustrations, col. maps ; |
| Dimensions | 26cm. |
| 336 ## - CONTENT TYPE | |
| Content type term | text |
| Source | rdacontent |
| 337 ## - MEDIA TYPE | |
| Media type term | unmediated |
| Source | rdamedia |
| 338 ## - CARRIER TYPE | |
| Carrier type term | volume |
| Source | rdacarrier |
| 500 ## - GENERAL NOTE | |
| General note | Includes indexes. |
| 504 ## - BIBLIOGRAPHY, ETC. NOTE | |
| Bibliography, etc | Bibliography : p. 364-384. |
| 650 #7 - SUBJECT ADDED ENTRY--TOPICAL TERM | |
| Topical term or geographic name as entry element | Sociology. |
| Source of heading or term | BUEsh |
| 9 (RLIN) | 718 |
| 653 ## - INDEX TERM--UNCONTROLLED | |
| Resource For college | BAEPS, Political Science |
| Arrived date list | February2019 |
| 700 1# - ADDED ENTRY--PERSONAL NAME | |
| Personal name | Soroka, Michael P. |
| 9 (RLIN) | 38577 |
| 942 ## - ADDED ENTRY ELEMENTS (KOHA) | |
| Source of classification or shelving scheme | Dewey Decimal Classification |
| Koha item type | Book - Borrowing |
| Withdrawn status | Lost status | Source of classification or shelving scheme | Damaged status | Not for loan | Home library | Current library | Shelving location | Date acquired | Source of acquisition | Total Checkouts | Full call number | Barcode | Date last seen | Price effective from | Koha item type |
|---|---|---|---|---|---|---|---|---|---|---|---|---|---|---|---|
| Dewey Decimal Classification | Central Library | Central Library | First floor | 12/02/2019 | Donation | 301 BRY | 000044170 | 15/07/2025 | 12/02/2019 | Book - Borrowing |